000 003800000a22001210004500
090 _aAS
_bSeriadas
245 1 0 _aFlujo de compuestos organoclorados en las cadenas tróficas de la ciénaga de Santa Marta
041 0 _aEspañol
700 1 _aRamírez, Gustavo
_915734
100 1 _aCampos, Néstor Hernando
_935666
942 _cARTICULO
773 1 _tCaldasia
_345
_h2
_q199-204
_d1993
_g17
999 _c14415
_d14415